All apex legends weapons & Legends (Season 20) - Statistics

General Stats
  • This quiz has been taken 53 times
    35 since last reset
  • The average score is 49 of 54
Answer Stats
Hint Answer % Correct
Shotgun (Season 0) Mozambique
100%
Assault Rifle (Season 0) R-301
100%
SMG (Season 0) R99
100%
Sniper (Season 4) Sentinel
100%
LMG (Season 0) Spitfire
100%
SMG (Season 6) Volt
100%
Pistol (Season 0) Wingman
100%
SMG (Season 0) Alternator
95%
Assault Rifle (Season 0) Flatline
95%
Marksman (Season 0) G7 Scout
95%
Sniper (Season 0) Kraber
95%
Sniper (Season 0) Longbow DMR
95%
Shotgun (Season 0) Mastiff
95%
Pistol (Season 0) P2020
95%
Shotgun (Season 0) Peacekeeper
95%
Legend (Season 11) Ash
91%
Legend (Season 0) Bangalore
91%
Legend (Season 0) Bloodhound
91%
SMG (Season 11) C.A.R
91%
Legend (Season 15) Catalyst
91%
Legend (Season 0) Caustic
91%
LMG (Season 0) Devotion
91%
Shotgun (Season 0) Eva-8 Auto
91%
Legend (Season 8) Fuse
91%
Legend (Season 0) Gibraltar
91%
Assault Rifle (Season 0) Havoc
91%
Assault Rifle (Season 0) Hemlok
91%
Legend (Season 0) Lifeline
91%
Legend (Season 5) Loba
91%
LMG (Season 2) L-star
91%
Assault Rifle (Season 16) Nemesis
91%
Legend (Season 13) Newcastle
91%
Legend (Season 2) Wattson
91%
Legend (Season 0) Wraith
91%
Marksman (Season 8) 30-30 repeater
86%
Sniper (Season 3) Charge Rifle
86%
Legend (Season 3) Crypto
86%
Legend (Season 7) Horizon
86%
Legend (Season 0) Mirage
86%
Legend (Season 1) Octane
86%
Legend (Season 0) Pathfinder
86%
SMG (Season 0) Prowler
86%
LMG (Season 10) Rampage
86%
Pistol (Season 0) RE-45 Auto
86%
Legend (Season 4) Revenant
86%
Legend (Season 10) Seer
86%
Legend (Season 14) Vantage
86%
Marksman (Season 9) Bocek Compound Bow
82%
Legend (Season 19) Conduit
82%
Legend (Season 12) Mad Maggie
82%
Legend (Season 6) Rampart
82%
Marksman (Season 0) Triple Take
82%
Legend (Season 9) Valkyrie
82%
Legend (Season 17) Ballistic
77%
No matching quizzes found
Score Distribution
Percent of People with Each Score
Percentile by Number Answered
Your Score History
You have not taken this quiz since the last reset